000 00748cam a22002411 4500
001 13377
003 BD-RjUL
005 20211208235438.0
008 140201s1957 enka 001 0 eng d
035 _a(BD-RjUL)13428
040 _aDLC/ICU
_cICU
_dDLC
_dBD-RjUL
_beng
041 _aeng
082 0 0 _a537.6
_bLLP 1957
100 1 _aLlewellyn-Jones, F.
_q(Frank),
_d1907-
_941690
245 1 4 _aThe physics of electrical contacts /
_cF. Llewellyn-Jones,
260 _aOxford :
_bClarendon Press,
_c1957.
300 _ax, 219 p. :
_bill. ;
_c22 cm.
650 0 _aElectric currents.
_927773
650 0 _aElectric contacts.
_939209
942 _2ddc
_cBK
999 _c13377
_d13377